[Event "XXVI Festival Conca della Presolana A"]
[Site "Bratto - Castione della Presolana ITA"]
[Date "2006.08.21"]
[Round "3"]
[White "Campomori, Bruno"]
[Black "Cugini, Verter"]
[Result "0-1"]
[WhiteElo "2025"]
[BlackElo "2209"]
[PlyCount "88"]
[EventDate "2006.08.19"]

1. e4 e6 2. d4 d5 3. Nd2 Nf6 4. e5 Ne4 5. Bd3 Nxd2 6. Bxd2 c5 7. dxc5 Nd7 8. b4
Nxe5 9. Nf3 Nxd3+ 10. cxd3 Be7 11. d4 Bd7 12. O-O Bb5 13. Re1 Bd3 14. Ne5 Bg6
15. Qa4+ Kf8 16. Rac1 Qe8 17. Qb3 Bf6 18. b5 Bxe5 19. Rxe5 f6 20. Re3 Kf7 21.
c6 bxc6 22. Rxc6 Qd7 23. Rec3 Rhc8 24. Qa4 Rxc6 25. Rxc6 Rb8 26. Qa5 Rb7 27.
Qc3 Bb1 28. a4 Ba2 29. Bc1 Bc4 30. Ba3 Rc7 31. Rc5 Rb7 32. Rc6 Rb6 33. Qa5 Qxc6
34. Bc5 Qb7 35. Bxb6 Qxb6 36. Qc3 a6 37. h3 axb5 38. a5 Qd6 39. Qa1 b4 40. Qb1
g6 41. Qc1 Kg7 42. h4 b3 43. Qb2 Qb4 44. h5 Qxa5 0-1

[Event "XXVI Festival Conca della Presolana A"]
[Site "Bratto - Castione della Presolana ITA"]
[Date "2006.08.21"]
[Round "3"]
[White "Carosso, Andrea"]
[Black "Saccani, Ettore"]
[Result "0-1"]
[WhiteElo "2050"]
[BlackElo "1940"]
[PlyCount "68"]
[EventDate "2006.08.19"]

1. c4 Nf6 2. Nc3 g6 3. g3 Bg7 4. Bg2 O-O 5. d4 d6 6. Nf3 Nc6 7. O-O e5 8. d5
Ne7 9. e4 Ne8 10. Ne1 f5 11. f4 fxe4 12. Nxe4 Nf6 13. fxe5 Nxe4 14. Rxf8+ Qxf8
15. Bxe4 Bxe5 16. Nd3 Bd4+ 17. Kg2 Qf6 18. Qe2 Nf5 19. Bf4 Bd7 20. Rf1 Re8 21.
Qf3 Bxb2 22. Rb1 Bd4 23. Rxb7 Bb6 24. c5 Nd4 25. cxb6 Nxf3 26. bxa7 Qf8 27.
Kxf3 g5 28. Rxc7 gxf4 29. Bxh7+ Kxh7 30. Rxd7+ Kg8 31. Nxf4 Qf6 32. Rb7 Qc3+
33. Kg2 Qc2+ 34. Kh3 Qc8+ 0-1

[Event "XXVI Festival Conca della Presolana A"]
[Site "Bratto - Castione della Presolana ITA"]
[Date "2006.08.21"]
[Round "3"]
[White "Casagrande, Fabio"]
[Black "Maccagno, Giancarlo"]
[Result "0-1"]
[WhiteElo "2040"]
[BlackElo "2093"]
[PlyCount "56"]
[EventDate "2006.08.19"]

1. e4 c6 2. d4 g6 3. Nc3 d6 4. Be3 Nd7 5. Nf3 Bg7 6. Qd2 Qc7 7. O-O-O a6 8. Bc4
b5 9. Bxf7+ Kxf7 10. Ng5+ Ke8 11. Ne6 Qa5 12. Nxg7+ Kf7 13. Bh6 Nxh6 14. Qxh6
b4 15. d5 bxc3 16. Ne6 cxb2+ 17. Kb1 cxd5 18. exd5 Nf6 19. Qg7+ Ke8 20. Qxh8+
Kd7 21. Rhe1 Nxd5 22. Nf8+ Kc6 23. Re3 Nxe3 24. fxe3 Bf5 25. e4 Bxe4 26. Qd4
Bd5 27. c4 Bxg2 28. Nxh7 Rb8 0-1

[Event "XXVI Festival Conca della Presolana A"]
[Site "Bratto - Castione della Presolana ITA"]
[Date "2006.08.21"]
[Round "3"]
[White "Cecchetto, Vanni"]
[Black "Di Fonzo, Valerio"]
[Result "0-1"]
[WhiteElo "2006"]
[BlackElo "2202"]
[PlyCount "110"]
[EventDate "2006.08.19"]

1. Nf3 Nf6 2. c4 g6 3. Nc3 Bg7 4. e4 e5 5. d4 exd4 6. Nxd4 O-O 7. Be2 Re8 8. f3
c6 9. Nb3 a5 10. a4 d5 11. cxd5 cxd5 12. exd5 Qb6 13. Bg5 Na6 14. Bh4 Qb4 15.
Bf2 Nxd5 16. O-O Nxc3 17. bxc3 Bxc3 18. Rc1 Be6 19. Na1 Rad8 20. Qc2 Bxa1 21.
Bxa6 Bd4 22. Bb5 Bf5 23. Qa2 Bxf2+ 24. Qxf2 Re5 25. Rfd1 Red5 26. Rxd5 Rxd5 27.
Re1 Rd2 28. Qe3 Qd4 29. Qxd4 Rxd4 30. Re8+ Kg7 31. Rb8 Bc2 32. Rxb7 Bxa4 33.
Bxa4 Rxa4 34. Kf2 Ra2+ 35. Kg3 a4 36. Rb6 a3 37. h4 Rb2 38. Ra6 a2 39. Kh3 h5
40. Kg3 f6 41. Ra7+ Kf8 42. Kh3 f5 43. Kg3 Ke8 44. f4 Kd8 45. Kf3 Kc8 46. g3
Kb8 47. Ra4 Kc7 48. Ke3 Kc6 49. Kd3 Kb5 50. Ra8 Rg2 51. Kd4 Kb4 52. Ke5 Kb3 53.
Rb8+ Kc2 54. Ra8 Kb1 55. Rb8+ Rb2 0-1

[Event "XXVI Festival Conca della Presolana A"]
[Site "Bratto - Castione della Presolana ITA"]
[Date "2006.08.21"]
[Round "3"]
[White "Costantini, Roberto"]
[Black "Drasko, Milan"]
[Result "0-1"]
[WhiteElo "2293"]
[BlackElo "2521"]
[PlyCount "70"]
[EventDate "2006.08.19"]

1. e4 e6 2. d4 d5 3. Nc3 Bb4 4. e5 Ne7 5. a3 Bxc3+ 6. bxc3 c5 7. Qg4 O-O 8. Bd3
f5 9. exf6 Rxf6 10. Bg5 Rf7 11. Qh5 g6 12. Qd1 Nbc6 13. Nf3 Qf8 14. O-O c4 15.
Be2 h6 16. Bd2 Kh7 17. Qc1 Bd7 18. a4 b6 19. h3 Nf5 20. Nh2 Qg7 21. Ng4 Raf8
22. Qa3 e5 23. dxe5 Nxe5 24. Rae1 Re8 25. f4 Nxg4 26. hxg4 Ng3 27. Bf3 Nxf1 28.
Rxf1 Qf8 29. Qc1 Qc5+ 30. Kh1 Bxa4 31. f5 g5 32. Bxg5 hxg5 33. Qxg5 Kh8 34. g3
Qe3 35. Qg6 Rg7 0-1

[Event "XXVI Festival Conca della Presolana A"]
[Site "Bratto - Castione della Presolana ITA"]
[Date "2006.08.21"]
[Round "3"]
[White "De Nardi, Riccardo"]
[Black "Ruggeri, Pietro"]
[Result "1/2-1/2"]
[WhiteElo "1973"]
[BlackElo "2123"]
[PlyCount "35"]
[EventDate "2006.08.19"]

1. e4 c5 2. Nf3 d6 3. d4 cxd4 4. Nxd4 Nf6 5. Nc3 g6 6. Be3 Bg7 7. f3 Nc6 8. Bc4
O-O 9. Qd2 Qa5 10. Bb3 Nxd4 11. Bxd4 Be6 12. O-O-O Rfc8 13. Kb1 Bxb3 14. cxb3
b5 15. Bxf6 Bxf6 16. Nd5 Qxd2 17. Nxf6+ Kg7 18. Nh5+ 1/2-1/2

[Event "XXVI Festival Conca della Presolana A"]
[Site "Bratto - Castione della Presolana ITA"]
[Date "2006.08.21"]
[Round "3"]
[White "De Santis, Alessio"]
[Black "Piantoni, Roberto"]
[Result "1-0"]
[WhiteElo "2337"]
[BlackElo "2160"]
[PlyCount "85"]
[EventDate "2006.08.19"]

1. d4 Nf6 2. c4 c5 3. d5 b5 4. cxb5 a6 5. b6 Qxb6 6. Nc3 d6 7. e4 g6 8. Be2 Bg7
9. h4 h5 10. f3 e6 11. Nh3 exd5 12. exd5 Bxh3 13. Rxh3 Nbd7 14. Kf1 Ng8 15. Qa4
Ra7 16. g4 Ne7 17. gxh5 Rxh5 18. f4 Rh8 19. Bd2 Kf8 20. Rb1 Nf5 21. Bg4 Nf6 22.
Bxf5 gxf5 23. b4 Ng4 24. Qc6 Qxc6 25. dxc6 Bd4 26. b5 axb5 27. Nxb5 Ra6 28.
Nxd6 Rxc6 29. Nxf5 Rc8 30. Rb7 Nf2 31. Ra3 Ne4 32. Be1 Rh5 33. Nxd4 cxd4 34.
Ke2 d3+ 35. Rxd3 Nc5 36. Bb4 Kg7 37. Rg3+ Kf6 38. Rb6+ Kf5 39. Rg5+ Rxg5 40.
fxg5 Kg4 41. Bxc5 Rxc5 42. Rb4+ Kh5 43. a4 1-0

[Event "XXVI Festival Conca della Presolana A"]
[Site "Bratto - Castione della Presolana ITA"]
[Date "2006.08.21"]
[Round "3"]
[White "Dervishi, Erald"]
[Black "Isonzo, David"]
[Result "1-0"]
[WhiteElo "2531"]
[BlackElo "2361"]
[PlyCount "69"]
[EventDate "2006.08.19"]

1. e4 e5 2. Nf3 Nf6 3. Nxe5 d6 4. Nf3 Nxe4 5. d4 d5 6. Bd3 Nc6 7. O-O Be7 8.
Re1 Nf6 9. c3 O-O 10. Nbd2 Bg4 11. Nf1 Qd7 12. Ng3 Nh5 13. Nxh5 Bxh5 14. Ne5
Bxd1 15. Nxd7 Rfd8 16. Nc5 Bxc5 17. dxc5 Bg4 18. Bf4 Rac8 19. b4 Be6 20. a3 Ne7
21. Rad1 Re8 22. f3 Ng6 23. Bg3 c6 24. Kf2 Bd7 25. Bd6 Rxe1 26. Rxe1 Re8 27.
Rxe8+ Bxe8 28. Bf5 b6 29. cxb6 axb6 30. a4 c5 31. bxc5 bxc5 32. a5 d4 33. cxd4
cxd4 34. a6 Bd7 35. Bc2 1-0

[Event "XXVI Festival Conca della Presolana A"]
[Site "Bratto - Castione della Presolana ITA"]
[Date "2006.08.21"]
[Round "3"]
[White "Di Lascio, Savino"]
[Black "Marchiori, Diego"]
[Result "1/2-1/2"]
[WhiteElo "2048"]
[BlackElo "2110"]
[PlyCount "126"]
[EventDate "2006.08.19"]

1. Nf3 Nf6 2. g3 b6 3. Bg2 Bb7 4. O-O g6 5. c3 Bg7 6. d3 O-O 7. e4 d6 8. Nbd2
Nbd7 9. Nh4 e5 10. Nc4 d5 11. Nd2 dxe4 12. Nxe4 Nxe4 13. dxe4 Nc5 14. Qg4 h5
15. Qe2 Qd3 16. Qxd3 Nxd3 17. Rd1 Nxc1 18. Raxc1 Rfd8 19. f4 exf4 20. gxf4 Bf6
21. e5 Bxh4 22. Bxb7 Rxd1+ 23. Rxd1 Rd8 24. Rxd8+ Bxd8 25. Kf2 Kf8 26. Ke3 Bh4
27. a4 Ke7 28. Bd5 Be1 29. Ke2 Bh4 30. b4 Ke8 31. b5 Be7 32. Kd3 Bc5 33. Ke4
Bg1 34. h3 Bh2 35. Bb3 Ke7 36. f5 gxf5+ 37. Kxf5 h4 38. Ke4 Bg3 39. Kd5 Kd7 40.
Bd1 Bf4 41. Bg4+ Ke7 42. e6 fxe6+ 43. Bxe6 Bd2 44. c4 Bf4 45. Bg4 Bd2 46. Kc6
Bf4 47. Kb7 Kd6 48. Kxa7 Bd2 49. Kb7 Bb4 50. Kc8 Bc5 51. Be2 Bb4 52. Kd8 Bc5
53. Bf3 Bb4 54. Bd5 Bc5 55. Ke8 Bb4 56. Kf7 Be1 57. Kf6 Bc3+ 58. Kf5 Be1 59.
Ke4 Kc5 60. Kd3 Kb4 61. Bc6 Kxa4 62. c5 Kb4 63. cxb6 cxb6 1/2-1/2

[Event "XXVI Festival Conca della Presolana A"]
[Site "Bratto - Castione della Presolana ITA"]
[Date "2006.08.21"]
[Round "3"]
[White "Djabri, Zafer M."]
[Black "Ceccarini, Marco"]
[Result "1/2-1/2"]
[WhiteElo "2059"]
[BlackElo "2140"]
[PlyCount "112"]
[EventDate "2006.08.19"]

1. c4 c6 2. e4 e5 3. Nf3 d6 4. d4 Bg4 5. Be2 Be7 6. O-O Bxf3 7. Bxf3 Bg5 8. Nc3
Bxc1 9. Rxc1 Nf6 10. d5 c5 11. a3 O-O 12. b4 Nbd7 13. Qd2 b6 14. b5 a6 15. bxa6
Rxa6 16. Nb5 Qe7 17. Rb1 Rb8 18. Rb3 Nf8 19. Rfb1 Ne8 20. Nc3 Qa7 21. Qb2 g6
22. Bg4 Ng7 23. Qc2 Qe7 24. Nd1 Qg5 25. Ne3 Rba8 26. Bh3 Qd8 27. Qb2 Rb8 28. g3
h6 29. a4 Nh7 30. a5 Ng5 31. Bg2 Rxa5 32. h4 Nh7 33. Rxb6 Rxb6 34. Qxb6 Qxb6
35. Rxb6 Ra1+ 36. Kh2 Ne8 37. Rb8 Kf8 38. h5 Nhf6 39. hxg6 fxg6 40. Bf3 Ra4 41.
Kh3 Ra2 42. Kg2 h5 43. Bd1 Ra7 44. Bc2 Ke7 45. Nd1 Nd7 46. Rb2 Ra3 47. Rb7 Kd8
48. Rb3 Rxb3 49. Bxb3 Ndf6 50. f3 g5 51. Ne3 Ng7 52. Kh3 Kc7 53. Ba4 Kb6 54.
Bb5 Ka5 55. Nc2 Kb6 56. Ne3 Ka5 1/2-1/2

[Event "XXVI Festival Conca della Presolana A"]
[Site "Bratto - Castione della Presolana ITA"]
[Date "2006.08.21"]
[Round "3"]
[White "Faccia, Sergio"]
[Black "Meng, Jean-Philippe"]
[Result "0-1"]
[WhiteElo "2035"]
[BlackElo "2058"]
[PlyCount "97"]
[EventDate "2006.08.19"]

1. e4 c5 2. b4 cxb4 3. Bb2 d5 4. exd5 Qxd5 5. c4 Qe4+ 6. Be2 Bd7 7. Nf3 Bc6 8.
d4 e6 9. O-O Nd7 10. Re1 O-O-O 11. a3 Nb6 12. Bf1 Ba4 13. Qd2 Qc2 14. axb4 Nh6
15. Bd3 Qxd2 16. Nbxd2 Bc6 17. b5 Bxf3 18. Nxf3 Kb8 19. d5 Bb4 20. Be5+ Kc8 21.
Reb1 Bf8 22. Rxa7 exd5 23. c5 Bxc5 24. Bxg7 Ng4 25. Bf5+ Kb8 26. Ra2 Rhg8 27.
Bc3 d4 28. Ba5 d3 29. Rc1 d2 30. Bxd2 Bxf2+ 31. Kf1 Be3 32. Be1 Nxh2+ 33. Nxh2
Bxc1 34. Bxh7 Rg7 35. Bf5 Nc4 36. Kg1 Rd1 37. Nf3 Be3+ 38. Kh2 Bf4+ 39. g3 Rxe1
40. gxf4 Rf1 41. Be4 Nd6 42. Bd5 Rd1 43. Bb3 Rd3 44. Nd2 Rdg3 45. Nf3 Rxf3 46.
Bd5 Rxf4 47. Bg2 Rh4+ 48. Kg1 Rhg4 49. b6 0-1

[Event "XXVI Festival Conca della Presolana A"]
[Site "Bratto - Castione della Presolana ITA"]
[Date "2006.08.21"]
[Round "3"]
[White "Ferro, Mario"]
[Black "Astengo, Corrado"]
[Result "1-0"]
[WhiteElo "2238"]
[BlackElo "2119"]
[PlyCount "73"]
[EventDate "2006.08.19"]

1. f4 d5 2. Nf3 Nf6 3. e3 Bg4 4. c4 Bxf3 5. Qxf3 e6 6. Nc3 c6 7. d4 Nbd7 8. Bd3
Be7 9. O-O O-O 10. b3 c5 11. cxd5 cxd4 12. Nb5 Nxd5 13. Nxd4 Nc5 14. Bc4 Bf6
15. Bb2 Nb6 16. Be2 Qd5 17. Rfd1 Rfd8 18. Qh3 h6 19. Bf3 Qd7 20. Rac1 Qe7 21.
Ba3 Rac8 22. Rd2 e5 23. Nf5 Rxd2 24. Nxe7+ Bxe7 25. Qf5 Rxa2 26. Bb4 a5 27. Qb1
axb4 28. Qxa2 Ra8 29. Qc2 exf4 30. exf4 Ra3 31. Re1 Ne6 32. f5 Nd4 33. Qc7
Nxf3+ 34. gxf3 Nd5 35. Qc8+ Kh7 36. f6 Bxf6 37. Qf5+ 1-0

[Event "XXVI Festival Conca della Presolana A"]
[Site "Bratto - Castione della Presolana ITA"]
[Date "2006.08.21"]
[Round "3"]
[White "Fierro Baquero, Martha Lorena"]
[Black "Sax, Gyula"]
[Result "0-1"]
[WhiteElo "2314"]
[BlackElo "2545"]
[PlyCount "74"]
[EventDate "2006.08.19"]

1. e4 c5 2. Nf3 e6 3. d4 cxd4 4. Nxd4 a6 5. Bd3 Qb6 6. Nb3 Qc7 7. Qe2 d6 8. Be3
Nd7 9. f4 g6 10. Nc3 Bg7 11. O-O-O Ngf6 12. g4 b6 13. g5 Nh5 14. Rhf1 O-O 15.
e5 dxe5 16. f5 Bb7 17. fxe6 fxe6 18. Qg4 Rfe8 19. Bc4 Nf8 20. Ne4 b5 21. Bd3
Re7 22. Nf6+ Bxf6 23. gxf6 Rf7 24. Bc5 e4 25. Be2 Nxf6 26. Qh4 N8d7 27. Bd6 Qb6
28. Bg4 Bd5 29. Bg3 Raf8 30. Rfe1 Nxg4 31. Qxg4 a5 32. Kb1 a4 33. Nd4 a3 34. b3
Qc5 35. Qg5 e5 36. Bxe5 Ba8 37. Bf6 Rxf6 0-1

[Event "XXVI Festival Conca della Presolana A"]
[Site "Bratto - Castione della Presolana ITA"]
[Date "2006.08.21"]
[Round "3"]
[White "Fontana, Enrico"]
[Black "You Zi Chih, Stefano"]
[Result "1-0"]
[WhiteElo "2122"]
[BlackElo "2038"]
[PlyCount "51"]
[EventDate "2006.08.19"]

1. d4 Nf6 2. Nc3 d5 3. Bg5 Bf5 4. f3 Nbd7 5. Nxd5 Nxd5 6. e4 h6 7. Bh4 Ne3 8.
Qd3 Nxf1 9. exf5 c5 10. d5 Nxh2 11. O-O-O Qa5 12. d6 exd6 13. Qe2+ Ne5 14. Rxh2
f6 15. f4 O-O-O 16. fxe5 Qxa2 17. exf6 Qa1+ 18. Kd2 Qxb2 19. Nf3 Kb8 20. Rhh1
Qb4+ 21. c3 Qb2+ 22. Ke1 Qxc3+ 23. Kf2 Rd7 24. Ne5 Rc7 25. Ng6 Rg8 26. f7 1-0

[Event "XXVI Festival Conca della Presolana A"]
[Site "Bratto - Castione della Presolana ITA"]
[Date "2006.08.21"]
[Round "3"]
[White "Forato, Enrico"]
[Black "Novelli, Cristiano"]
[Result "1/2-1/2"]
[WhiteElo "1949"]
[BlackElo "2145"]
[PlyCount "36"]
[EventDate "2006.08.19"]

1. e4 e5 2. Nf3 Nc6 3. d4 exd4 4. Bc4 Bc5 5. c3 Nf6 6. e5 d5 7. Bb5 Ne4 8. cxd4
Bb4+ 9. Bd2 Nxd2 10. Nbxd2 O-O 11. a3 Bxd2+ 12. Qxd2 Ne7 13. O-O Bg4 14. Ne1
Ng6 15. h3 Bf5 16. Bd3 Qd7 17. f4 h5 18. Qe2 Bxd3 1/2-1/2

[Event "XXVI Festival Conca della Presolana A"]
[Site "Bratto - Castione della Presolana ITA"]
[Date "2006.08.21"]
[Round "3"]
[White "Gazzarri, Alberto"]
[Black "Castaldo, Folco"]
[Result "0-1"]
[WhiteElo "2143"]
[BlackElo "2336"]
[PlyCount "60"]
[EventDate "2006.08.19"]

1. e4 e6 2. d4 d5 3. e5 c5 4. c3 Qb6 5. Nf3 Nc6 6. Be2 Nh6 7. Bxh6 gxh6 8. Qd2
Bg7 9. O-O O-O 10. Na3 cxd4 11. cxd4 f6 12. exf6 Rxf6 13. Nc2 Bd7 14. b4 Be8
15. b5 Nd8 16. a4 Nf7 17. Ne3 h5 18. Rac1 Nd6 19. Ne5 Ne4 20. Qd3 Qa5 21. f3
Nd6 22. Qb3 Qb6 23. Qd3 Rf4 24. Rc5 Bxe5 25. dxe5 Qxc5 26. exd6 Bg6 27. Qd2 d4
28. d7 Rd8 29. Bc4 dxe3 30. Bxe6+ Bf7 0-1

[Event "XXVI Festival Conca della Presolana A"]
[Site "Bratto - Castione della Presolana ITA"]
[Date "2006.08.21"]
[Round "3"]
[White "Godena, Michele"]
[Black "Bentivegna, Francesco"]
[Result "1/2-1/2"]
[WhiteElo "2528"]
[BlackElo "2269"]
[PlyCount "30"]
[EventDate "2006.08.19"]

1. e4 d5 2. exd5 Nf6 3. Nf3 Bg4 4. h3 Bh5 5. d4 Qxd5 6. Nc3 Qa5 7. g4 Bg6 8.
Ne5 e6 9. Bg2 c6 10. O-O Nbd7 11. Nxg6 hxg6 12. Qf3 Be7 13. Rd1 Qc7 14. g5 Nh5
15. Ne4 Nb6 1/2-1/2

[Event "XXVI Festival Conca della Presolana A"]
[Site "Bratto - Castione della Presolana ITA"]
[Date "2006.08.21"]
[Round "3"]
[White "Johansson, Alexander"]
[Black "Mazzilli, Piero"]
[Result "0-1"]
[WhiteElo "1921"]
[BlackElo "2310"]
[PlyCount "86"]
[EventDate "2006.08.19"]

1. d4 f5 2. g3 Nf6 3. Bg2 g6 4. Nf3 Bg7 5. O-O O-O 6. c4 d6 7. Nc3 Nc6 8. d5
Ne5 9. Qc2 Bd7 10. Nxe5 dxe5 11. e4 f4 12. gxf4 Nh5 13. f5 gxf5 14. Qe2 Nf6 15.
exf5 Bxf5 16. Bd2 Qe8 17. f3 Qg6 18. Ne4 Bxe4 19. fxe4 Nh5 20. Rxf8+ Rxf8 21.
Rf1 Rxf1+ 22. Qxf1 Bh6 23. Bxh6 Qxh6 24. Qf3 Nf4 25. Qg4+ Qg6 26. Qf3 Qb6+ 27.
Kh1 Qxb2 28. Qg4+ Ng6 29. h4 Qc1+ 30. Kh2 Qf4+ 31. Qxf4 exf4 32. h5 Ne5 33. Bf1
Kg7 34. c5 Kh6 35. Bh3 Kxh5 36. Bf5 h6 37. a4 a5 38. Bc8 b6 39. cxb6 cxb6 40.
Ba6 Kg5 41. Bb5 Kg4 42. Kg2 f3+ 43. Kf2 Kf4 0-1

[Event "XXVI Festival Conca della Presolana A"]
[Site "Bratto - Castione della Presolana ITA"]
[Date "2006.08.21"]
[Round "3"]
[White "Lanzani, Mario"]
[Black "Guanciale, Orazio"]
[Result "1-0"]
[WhiteElo "2331"]
[BlackElo "2156"]
[PlyCount "51"]
[EventDate "2006.08.19"]

1. d4 d6 2. e4 Nf6 3. Nc3 g6 4. Nf3 Bg7 5. Be2 O-O 6. O-O c6 7. Re1 Qc7 8. Bf4
Nh5 9. Be3 Nd7 10. Qd2 e5 11. Rad1 Re8 12. d5 c5 13. g4 Nf4 14. Bxf4 exf4 15.
Qxf4 a6 16. a4 Ne5 17. Nd2 Qe7 18. g5 f6 19. h4 Nf7 20. Nc4 fxg5 21. hxg5 h6
22. gxh6 Bxh6 23. Qg3 Qf6 24. e5 dxe5 25. Ne4 Qf4 26. Qxf4 1-0

[Event "XXVI Festival Conca della Presolana A"]
[Site "Bratto - Castione della Presolana ITA"]
[Date "2006.08.21"]
[Round "3"]
[White "Lapenna, Antonio"]
[Black "Bresciani, Nicola"]
[Result "1/2-1/2"]
[WhiteElo "2079"]
[BlackElo "2290"]
[PlyCount "89"]
[EventDate "2006.08.19"]

1. e4 c5 2. Nf3 d6 3. d4 cxd4 4. Nxd4 Nf6 5. Nc3 a6 6. Be2 e5 7. Nb3 Be7 8. O-O
O-O 9. Kh1 b6 10. Be3 Bb7 11. f3 b5 12. a4 b4 13. Nd5 Nxd5 14. exd5 Nd7 15. c4
bxc3 16. bxc3 Bg5 17. Bf2 f5 18. c4 Nf6 19. Rb1 Rf7 20. Qc2 g6 21. Rfd1 Rc8 22.
c5 Bxd5 23. Rxd5 Nxd5 24. Bc4 Ne7 25. Bxf7+ Kxf7 26. Qc4+ d5 27. Qxa6 d4 28.
Qd3 Qd5 29. a5 Rb8 30. a6 Nc6 31. h4 Bf4 32. Be1 Kg7 33. Na5 e4 34. fxe4 fxe4
35. Qd1 Nxa5 36. Bxa5 Qxc5 37. Ra1 Bd6 38. a7 Qe5 39. Qg1 Ra8 40. Bb6 e3 41.
Ra4 Bc5 42. Ra5 Qe4 43. Bxc5 Qxh4+ 44. Qh2 Qe1+ 45. Qg1 1/2-1/2

[Event "XXVI Festival Conca della Presolana A"]
[Site "Bratto - Castione della Presolana ITA"]
[Date "2006.08.21"]
[Round "3"]
[White "Magrini, Fabrizio"]
[Black "Mantovani, Renzo"]
[Result "1/2-1/2"]
[WhiteElo "2119"]
[BlackElo "2370"]
[PlyCount "124"]
[EventDate "2006.08.19"]

1. e4 c5 2. Nf3 d6 3. d4 cxd4 4. Nxd4 Nf6 5. Nc3 Nc6 6. Bg5 Bd7 7. Be2 Qa5 8.
Bxf6 gxf6 9. Nb3 Qg5 10. Nd5 Rc8 11. O-O Rg8 12. g3 Bh3 13. Re1 e6 14. Ne3 Ne5
15. Kh1 Ng4 16. Nxg4 Bxg4 17. f3 Bh3 18. f4 Qh6 19. c3 Be7 20. Nd2 Kf8 21. Bf3
Rc5 22. Nb3 Rc7 23. Qd2 Bg4 24. Bxg4 Rxg4 25. Kg2 Qg7 26. Nd4 h5 27. Ne2 h4 28.
Qe3 hxg3 29. hxg3 b5 30. a4 bxa4 31. Rxa4 Qg6 32. f5 Qg5 33. Qxg5 Rxg5 34. fxe6
fxe6 35. Nd4 Re5 36. Kf3 d5 37. Re2 dxe4+ 38. Rxe4 Rxe4 39. Kxe4 Kf7 40. Ra6
Rb7 41. b4 Rc7 42. Nb5 f5+ 43. Kd3 Rc8 44. Rxa7 Rg8 45. Nd4 Rxg3+ 46. Kd2 Rg2+
47. Ke1 Kf6 48. Ra6 Kg5 49. Rxe6 Bf6 50. Nf3+ Kf4 51. Rxf6 Kxf3 52. Rxf5+ Ke3
53. Kd1 Kd3 54. Rf3+ Kc4 55. Re3 Ra2 56. Ke1 Rb2 57. Re2 Rb1+ 58. Kd2 Rb2+ 59.
Ke3 Rb1 60. Rc2 Rh1 61. Kf4 Re1 62. Kf3 Kd3 1/2-1/2

[Event "XXVI Festival Conca della Presolana A"]
[Site "Bratto - Castione della Presolana ITA"]
[Date "2006.08.21"]
[Round "3"]
[White "Miatello, Alberto"]
[Black "Di Donato, Giovanni"]
[Result "1-0"]
[WhiteElo "2082"]
[BlackElo "1951"]
[PlyCount "138"]
[EventDate "2006.08.19"]

1. e4 e5 2. Nf3 f5 3. Nxe5 Qf6 4. d4 d6 5. Nc4 fxe4 6. Nc3 Qg6 7. h3 Nf6 8. Qe2
c6 9. Bf4 d5 10. Ne5 Qf5 11. Be3 Bd6 12. g4 Qe6 13. f4 exf3 14. Nxf3 Bg3+ 15.
Bf2 Bxf2+ 16. Kxf2 Ne4+ 17. Nxe4 dxe4 18. Ne5 O-O+ 19. Kg3 Qf6 20. Qe3 Be6 21.
Be2 Nd7 22. Rhf1 Qe7 23. Nxd7 Qxd7 24. c4 Qd6+ 25. Kg2 Rae8 26. Rad1 Bf7 27.
Rf4 Bg6 28. Rdf1 Rxf4 29. Rxf4 Qb4 30. b3 Qe7 31. Kg3 Qd6 32. c5 Qc7 33. Bc4+
Kh8 34. Kg2 h6 35. h4 b5 36. cxb6 axb6 37. h5 Bh7 38. Qg3 Qe7 39. Qe3 Qa3 40.
Rf2 Qe7 41. a4 Qd7 42. Kh3 b5 43. Rf7 Qd6 44. axb5 cxb5 45. Bxb5 Rc8 46. Rd7
Qb8 47. Bc4 Rf8 48. Rf7 Rc8 49. Qf4 Qb4 50. d5 Bg8 51. Rf5 Bh7 52. Rf7 Bg8 53.
Rd7 Bh7 54. Qe5 Qf8 55. Qc3 Qf1+ 56. Bxf1 Rxc3+ 57. Kh4 Rxb3 58. Rd8+ Bg8 59.
d6 Rb4 60. d7 Rd4 61. Bc4 Rxc4 62. Rxg8+ Kxg8 63. d8=Q+ Kh7 64. Qd5 Ra4 65.
Qf5+ Kh8 66. Qe5 Kh7 67. g5 e3+ 68. Kg3 hxg5 69. Qf5+ Kh8 1-0

[Event "XXVI Festival Conca della Presolana A"]
[Site "Bratto - Castione della Presolana ITA"]
[Date "2006.08.21"]
[Round "3"]
[White "Milazzo, Mario"]
[Black "Ranfagni, Stefano"]
[Result "1/2-1/2"]
[WhiteElo "2110"]
[BlackElo "2016"]
[PlyCount "32"]
[EventDate "2006.08.19"]

1. e4 e5 2. Nf3 Nf6 3. Nxe5 d6 4. Nf3 Nxe4 5. Qe2 Qe7 6. d3 Nf6 7. Nc3 Bg4 8.
Qxe7+ Bxe7 9. Be2 c6 10. h3 Bh5 11. Bf4 Nbd7 12. O-O-O O-O-O 13. Rhe1 Rhe8 14.
Ng5 Bg6 15. Nge4 Nb6 16. Bf3 Kc7 1/2-1/2

[Event "XXVI Festival Conca della Presolana A"]
[Site "Bratto - Castione della Presolana ITA"]
[Date "2006.08.21"]
[Round "3"]
[White "Nardelli, Marco"]
[Black "Burani, Eugenio"]
[Result "1-0"]
[WhiteElo "2123"]
[BlackElo "2034"]
[PlyCount "64"]
[EventDate "2006.08.19"]

1. e4 c5 2. Nf3 Nf6 3. e5 Nd5 4. Nc3 e6 5. Nxd5 exd5 6. d4 Nc6 7. dxc5 Bxc5 8.
Qxd5 Qb6 9. Bc4 Bxf2+ 10. Ke2 O-O 11. Rf1 Bc5 12. Ng5 Nd4+ 13. Kd1 Ne6 14. Ne4
d6 15. exd6 Rd8 16. Bd3 Bxd6 17. Nxd6 Qxd6 18. Qf5 Qxh2 19. Qxf7+ Kh8 20. Bg5
Rg8 21. Be3 Qxg2 22. Rf2 Qg4+ 23. Kd2 Qb4+ 24. Kd1 Qg4+ 25. Kc1 Ng5 26. Rh2 Qg3
27. Qf2 Qxf2 28. Rxf2 Ne6 29. Kd2 Bd7 30. Rh1 h6 31. Bxh6 gxh6 32. Rxh6+ Kg7
1-0

[Event "XXVI Festival Conca della Presolana A"]
[Site "Bratto - Castione della Presolana ITA"]
[Date "2006.08.21"]
[Round "3"]
[White "Pace, Pietro Dario"]
[Black "Vinzoni, Andrea"]
[Result "1-0"]
[WhiteElo "2228"]
[BlackElo "2116"]
[PlyCount "55"]
[EventDate "2006.08.19"]

1. e4 e6 2. d4 d5 3. Nc3 Nf6 4. Bg5 dxe4 5. Nxe4 Be7 6. Bxf6 Bxf6 7. Nf3 Nd7 8.
Bd3 Be7 9. Qe2 O-O 10. O-O-O c5 11. dxc5 Qc7 12. Kb1 Nxc5 13. Nxc5 Qxc5 14. Ne5
g6 15. h4 Bf6 16. f4 Bxe5 17. fxe5 Qe7 18. Qe3 Bd7 19. h5 Bc6 20. Qh6 Rfd8 21.
Rdg1 Qf8 22. Qf4 Qg7 23. h6 Qh8 24. Rf1 Rf8 25. Qg5 Rad8 26. Rf6 Rd7 27. Rhf1
Rfd8 28. Rxf7 1-0

[Event "XXVI Festival Conca della Presolana A"]
[Site "Bratto - Castione della Presolana ITA"]
[Date "2006.08.21"]
[Round "3"]
[White "Paolinelli, Giacomo"]
[Black "Napoli, Nicolo'"]
[Result "1-0"]
[WhiteElo "2023"]
[BlackElo "2216"]
[PlyCount "75"]
[EventDate "2006.08.19"]

1. e4 g6 2. d4 Bg7 3. Nc3 c6 4. Be3 d5 5. Qd2 Nf6 6. e5 Ng4 7. Bf4 f6 8. exf6
Nxf6 9. Bh6 O-O 10. Bxg7 Kxg7 11. Nf3 b5 12. a3 Qd6 13. Ne5 Nbd7 14. f4 Qe6 15.
Bd3 Nxe5 16. dxe5 Ng8 17. Ne2 c5 18. c3 Qb6 19. Bc2 Bg4 20. Ng3 Rad8 21. h3 Bc8
22. O-O e6 23. Qf2 d4 24. Rad1 Bb7 25. Be4 Ba6 26. cxd4 cxd4 27. b4 Rd7 28. Rd3
g5 29. f5 exf5 30. Nxf5+ Kh8 31. Qd2 Bb7 32. Bxb7 Qxb7 33. e6 Rd5 34. Qxg5 h6
35. e7 Rf7 36. Qxg8+ Kxg8 37. e8=Q+ Kh7 38. Qe6 1-0

[Event "XXVI Festival Conca della Presolana A"]
[Site "Bratto - Castione della Presolana ITA"]
[Date "2006.08.21"]
[Round "3"]
[White "Pegoraro, Nicola"]
[Black "Astengo, Marcello"]
[Result "1/2-1/2"]
[WhiteElo "2047"]
[BlackElo "2109"]
[PlyCount "57"]
[EventDate "2006.08.19"]

1. e4 e6 2. d4 d5 3. e5 c5 4. c3 Nc6 5. Be3 Nge7 6. Nf3 Nf5 7. Bd3 Nh4 8. Nxh4
Qxh4 9. g3 Qd8 10. dxc5 Nxe5 11. Bc2 Bd7 12. Nd2 Bb5 13. Nf3 Nc4 14. a4 Bc6 15.
Bd4 Nxb2 16. Qb1 Nc4 17. O-O h5 18. Qc1 Qc7 19. Qg5 Qe7 20. Qf4 O-O-O 21. Rfe1
h4 22. a5 hxg3 23. hxg3 a6 24. Ne5 Nxe5 25. Rxe5 Rd7 26. Qe3 Qd8 27. f4 Be7 28.
f5 Bg5 29. Qe2 1/2-1/2